[Event "Las Vegas"]
[Site "?"]
[Date "1997.??.??"]
[Round "?"]
[White "Ivanov, Alexa"]
[Black "Baburin, A."]
[Result "0-1"]
[WhiteElo "2600"]
[BlackElo "2560"]
[PlyCount "66"]
[EventDate "1997.??.??"]
[Source "ChessBase"]
[SourceDate "1997.06.01"]

1. e4 Nf6 2. e5 Nd5 3. g3 d6 4. exd6 Qxd6 5. Bg2 e5 6. Nc3 Nxc3 7. bxc3 c6 8. Nf3 Bg4 9. h3 Bh5 10. g4 Bg6 11. Nh4 Nd7 12. O-O O-O-O 13. d3 Qc7 14. Qf3 Nc5 15. Nxg6 hxg6 16. Be3 Bd6 17. a4 f5 18. a5 a6 19. gxf5 Rdf8 20. f6 gxf6 21. Bxc5 Bxc5 22. d4 Bd6 23. Rab1 Rh4 24. Rfe1 exd4 25. Re6 Rf4 26. Qe2 dxc3 27. Re8+ Rxe8 28. Qxe8+ Qd8 29. Qe6+ Kc7 30. Qf7+ Qe7 31. Qxg6 Bc5 32. Kh1 Rxf2 33. Qg3+ Qe5 0-1

[Event "Kilkenny Norkom op"]
[Site "Kilkenny"]
[Date "2000.11.26"]
[Round "5"]
[White "Rozentalis, Eduardas"]
[Black "Baburin, Alexander"]
[Result "1/2-1/2"]
[WhiteElo "2570"]
[BlackElo "2590"]
[PlyCount "29"]
[EventDate "2000.11.24"]
[Source "ChessBase"]
[SourceDate "2001.01.11"]

1. e4 Nf6 2. e5 Nd5 3. g3 d6 4. exd6 exd6 5. Bg2 Nf6 6. d4 Be7 7. Nf3 O-O 8. O-O Bg4 9. h3 Bxf3 10. Qxf3 c6 11. Nd2 d5 12. Re1 Nbd7 13. Qd3 Re8 14. Nf1 Qb6 15. Ne3 1/2-1/2

[Event "Ch France (team) (nat.1) 2007/08"]
[Site "France"]
[Date "2007.12.16"]
[Round "5"]
[White "Tirard Hugo (FRA)"]
[Black "Krasenkow Michal (POL)"]
[Result "0-1"]
[WhiteElo "2491"]
[BlackElo "2668"]
[PlyCount "78"]
[EventDate "2007.??.??"]
[Source "www.chesslib.no"]
[SourceDate "2004.05.04"]

1. e4 Nf6 2. e5 Nd5 3. Nc3 Nxc3 4. bxc3 d5 5. Ba3 b6 6. d4 Qd7 7. Rb1 Ba6 8. Bxa6 Nxa6 9. Qe2 Qa4 10. e6 fxe6 11. Qxe6 c6 12. Nf3 Nc7 13. Qe5 O-O-O 14. Rb3 e6 15. Bxf8 Rhxf8 16. a3 Rf6 17. O-O Rdf8 18. Qd6 Rxf3 19. gxf3 Rxf3 20. Re1 Rf6 21. Re3 c5 22. Rg3 c4 23. Rb2 Rf7 24. Qe5 Qxa3 25. Rb1 Qf8 26. Ra1 a5 27. h4 g6 28. Qe3 Rf4 29. Rh3 Qf5 30. Kg2 Rg4+ 31. Kh2 Qxc2 32. Rf3 Rxh4+ 33. Kg3 Qe4 34. Rf8+ Kb7 35. Qg5 Rh5 36. Qd8 Qd3+ 37. f3 Qc2 38. Rf7 Qh2+ 39. Kg4 h6 0-1

[Event "Moscow 5'"]
[Site "Moscow RUS"]
[Date "1972.??.??"]
[Round "?"]
[White "Bronstein, David I"]
[Black "Gipslis, Aivars P"]
[Result "1/2-1/2"]
[WhiteElo "2585"]
[BlackElo "2560"]
[PlyCount "63"]
[EventDate "1972.??.??"]
[Source "www.chesslib.no"]
[SourceDate "2004.05.04"]

1. e4 Nf6 2. e5 Nd5 3. Nf3 d6 4. Bc4 c6 5. d4 g6 6. O-O Bg7 7. Qe2 O-O 8. h3 dxe5 9. Nxe5 Nd7 10. Bb3 Nxe5 11. dxe5 Qc7 12. Re1 a5 13. a4 Be6 14. Bd2 Rad8 15. Nc3 Nxc3 16. Bxc3 Bxb3 17. cxb3 Rd5 18. e6 f5 19. Rad1 Rfd8 20. Rxd5 Rxd5 21. Bxg7 Kxg7 22. Qc4 Qb6 23. Qc3+ Qd4 24. Qg3 Rd6 25. Kh2 h5 26. f4 Qxb2 27. Re5 Rd5 28. Qg5 Rxe5 29. Qxe7+ Kh6 30. Qf8+ Kh7 31. Qf7+ Kh6 32. Qf8+ 1/2-1/2

[Event "POL-chT"]
[Site "Zakopane"]
[Date "2000.09.11"]
[Round "9"]
[White "Rozentalis, Eduardas"]
[Black "Volzhin, Alexander"]
[Result "1/2-1/2"]
[WhiteElo "2570"]
[BlackElo "2556"]
[PlyCount "55"]
[EventDate "2000.09.02"]
[Source "www.chesslib.no"]
[SourceDate "2004.05.04"]

1. e4 Nf6 2. e5 Nd5 3. Nc3 Nxc3 4. dxc3 d6 5. Nf3 dxe5 6. Qxd8+ Kxd8 7. Nxe5 Ke8 8. Bb5+ Bd7 9. Nxd7 Nxd7 10. Bf4 c6 11. Be2 e6 12. c4 Bc5 13. c3 Ke7 14. Rd1 a5 15. Bd3 Rhd8 16. Ke2 Nf6 17. h3 Rd7 18. a4 Rad8 19. Bc2 Rxd1 20. Bxd1 Ne4 21. Bc2 e5 22. Bc1 Nd6 23. Bd3 h6 24. f3 f5 25. Rd1 Rf8 26. b3 Rf6 27. Bc2 e4 28. Bf4 1/2-1/2

[Event "Reykjavik-B blind"]
[Site "Reykjavik"]
[Date "1997.??.??"]
[Round "4"]
[White "Thorhallsson, Throstur"]
[Black "Hjartarson, Johann"]
[Result "1/2-1/2"]
[WhiteElo "2510"]
[BlackElo "2605"]
[PlyCount "62"]
[EventDate "1997.??.??"]
[Source "www.chesslib.no"]
[SourceDate "2004.05.04"]

1. e4 Nf6 2. e5 Nd5 3. c4 Nb6 4. c5 Nd5 5. Nc3 Nxc3 6. dxc3 e6 7. Qg4 h5 8. Qg3 g6 9. Bg5 Be7 10. Nf3 b6 11. cxb6 axb6 12. Bd3 Bb7 13. Bxe7 Qxe7 14. O-O h4 15. Qf4 Bxf3 16. Qxf3 Nc6 17. Bb5 Qc5 18. Bxc6 Qxc6 19. Qf6 Rh5 20. h3 Qc5 21. Rfe1 Qe7 22. Qf3 Ra5 23. Qb7 Qd8 24. f4 Rf5 25. Re4 Qa8 26. Qxc7 Qxe4 27. Qb8+ Ke7 28. Qd6+ Ke8 29. Qb8+ Ke7 30. Qd6+ Ke8 31. Qb8+ Ke7 1/2-1/2

[Event "Russia (ch) 74/98"]
[Site "?"]
[Date "1998.??.??"]
[Round "?"]
[White "Sveshnikov, Evgeny"]
[Black "Solozhenkin, Evgeniy"]
[Result "0-1"]
[WhiteElo "2575"]
[BlackElo "2535"]
[PlyCount "100"]
[EventDate "1998.??.??"]
[Source "ChessBase"]
[SourceDate "1998.10.01"]

1. e4 Nf6 2. e5 Nd5 3. c4 Nb6 4. c5 Nd5 5. Nc3 e6 6. d4 Nxc3 7. bxc3 b6 8. Qg4 bxc5 9. Bg5 Be7 10. Bxe7 Qxe7 11. Qxg7 Rf8 12. Nf3 cxd4 13. Be2 f5 14. Qh6 Rg8 15. O-O Bb7 16. cxd4 Bd5 17. Rfd1 Nc6 18. Ne1 Rb8 19. Rab1 Rb6 20. a4 Kd8 21. Qd2 Qa3 22. Qh6 Qe7 23. Rb5 Qg7 24. Qh3 Ne7 25. Rdb1 Bc6 26. Rxb6 axb6 27. a5 Nd5 28. Bf3 Qg5 29. g3 Nc3 30. Ra1 Ne4 31. Qxh7 bxa5 32. Rb1 Kc8 33. Be2 Bb7 34. Qh3 Nc3 35. Rxb7 Nxe2+ 36. Kf1 Kxb7 37. Qg2+ c6 38. Kxe2 Qg4+ 39. Nf3 Qe4+ 40. Kd2 Qd5 41. Qh1 Qa2+ 42. Ke3 Qb3+ 43. Ke2 Qb2+ 44. Kd3 a4 45. Qd1 a3 46. Qc2 Qb5+ 47. Kc3 Ra8 48. Qa2 Qd5 49. Qb1+ Kc7 50. Nd2 a2 0-1

[Event "Bank Pocztowy op-A"]
[Site "Bydgoszcz"]
[Date "2001.04.29"]
[Round "3"]
[White "Rozentalis, Eduardas"]
[Black "Kuczynski, Robert"]
[Result "1/2-1/2"]
[WhiteElo "2597"]
[BlackElo "2509"]
[PlyCount "69"]
[EventDate "2001.04.27"]
[Source "ChessBase"]
[SourceDate "2001.07.03"]

1. e4 Nf6 2. e5 Nd5 3. c4 Nb6 4. c5 Nd5 5. Nc3 e6 6. d4 Nxc3 7. bxc3 b6 8. cxb6 axb6 9. Nf3 Bb7 10. Bd3 d6 11. O-O Be7 12. Qe2 Nd7 13. Rd1 Ra5 14. Bf4 Qa8 15. Ne1 O-O 16. Bc2 dxe5 17. dxe5 Nc5 18. Rd4 Rd8 19. h4 Ra3 20. Rad1 Rxd4 21. Rxd4 Qe8 22. Bg5 Ra8 23. Qd2 Bc6 24. Bf6 Bxf6 25. exf6 e5 26. Rg4 g6 27. h5 e4 28. Qf4 Ne6 29. Qg3 Qd8 30. hxg6 hxg6 31. Qh4 Qd2 32. Bb3 Bd5 33. Bxd5 Qxd5 34. Rg3 Rxa2 35. Rh3 1/2-1/2

[Event "RUS-ch"]
[Site "Elista"]
[Date "1996.??.??"]
[Round "2"]
[White "Sveshnikov, Evgeny"]
[Black "Solozhenkin, Evgeniy"]
[Result "1/2-1/2"]
[WhiteElo "2535"]
[BlackElo "2565"]
[PlyCount "21"]
[EventDate "1996.10.15"]
[Source "ChessBase"]

1. e4 Nf6 2. e5 Nd5 3. c4 Nb6 4. c5 Nd5 5. Nc3 e6 6. d4 Nxc3 7. bxc3 b6 8. cxb6 axb6 9. Bd3 Bb7 10. Nf3 Be7 11. O-O 1/2-1/2

[Event "Bonn GSK-3"]
[Site "Bonn"]
[Date "1996.??.??"]
[Round "?"]
[White "Kveinys, Aloyzas"]
[Black "Kengis, Edvins"]
[Result "1/2-1/2"]
[WhiteElo "2530"]
[BlackElo "2560"]
[PlyCount "31"]
[EventDate "1996.08.??"]
[Source "ChessBase"]

1. e4 Nf6 2. e5 Nd5 3. g3 d6 4. exd6 exd6 5. Bg2 Nf6 6. d4 Be7 7. Nf3 O-O 8. O-O c6 9. Re1 Re8 10. Nc3 d5 11. Ne5 Bf5 12. Bf4 Nbd7 13. Nxd7 Qxd7 14. Qd2 Bd6 15. Be5 Ng4 16. Bxd6 1/2-1/2

[Event "7th Amplico AIG Life"]
[Site "Warsaw POL"]
[Date "2007.12.16"]
[Round "12"]
[White "Warakomski, T."]
[Black "Rozentalis, E."]
[Result "0-1"]
[WhiteElo "2498"]
[BlackElo "2581"]
[PlyCount "109"]
[EventDate "2007.12.15"]
[Source "www.chesslib.no"]
[SourceDate "2004.05.04"]

1. e4 Nf6 2. e5 Nd5 3. c4 Nb6 4. d4 d6 5. exd6 cxd6 6. Nc3 g6 7. Be3 Bg7 8. Rc1 O-O 9. b3 Nc6 10. d5 Ne5 11. f4 Ng4 12. Bd4 e5 13. dxe6 Bxe6 14. Be2 Re8 15. Bxg7 Kxg7 16. Qd4+ Qf6 17. Nf3 Rac8 18. h3 Qxd4 19. Nxd4 Nf6 20. Ndb5 Rcd8 21. Rd1 Nc8 22. O-O a6 23. Nc7 Re7 24. Nxe6+ fxe6 25. Bf3 Rc7 26. Rfe1 Kf7 27. Re3 Nb6 28. Rde1 Re8 29. g4 Ree7 30. Rd1 Nc8 31. Kf2 h6 32. g5 hxg5 33. fxg5 Ne8 34. Ne4 b5 35. cxb5 axb5 36. Be2 d5 37. Nc3 b4 38. Nb5 Rc2 39. Nd4 Rxa2 40. Nc6 Ned6 41. Nxb4 Rb2 42. Nd3 Ra2 43. Nb4 Rb2 44. Nd3 Rc2 45. Ne5+ Kg7 46. h4 Ne4+ 47. Ke1 Ncd6 48. h5 gxh5 49. Bxh5 Rh2 50. Bf3 Nxg5 51. Ng4 Rh4 52. Rxd5 Nxf3+ 53. Kf2 Rf7 54. Rxd6 Nd4+ 55. Kg2 0-1

[Event "Linares Anibal op 7th"]
[Site "Linares"]
[Date "2000.01.16"]
[Round "10"]
[White "Dzhumaev, Marat"]
[Black "Shabalov, Alexander"]
[Result "1-0"]
[WhiteElo "2483"]
[BlackElo "2592"]
[PlyCount "101"]
[EventDate "2000.01.07"]
[Source "ChessBase"]
[SourceDate "2000.04.05"]

1. e4 Nf6 2. e5 Nd5 3. g3 c5 4. Bg2 e6 5. Nf3 Nc6 6. O-O Be7 7. Nc3 Nxc3 8. bxc3 b6 9. d4 Ba6 10. Re1 Rc8 11. d5 exd5 12. Qxd5 Na5 13. Bf4 Bc4 14. Qe4 Be6 15. h4 h6 16. a4 Qc7 17. Nd2 O-O 18. Qd3 g5 19. Be3 c4 20. Qe4 d5 21. Qf3 Nc6 22. Qh5 Kg7 23. hxg5 hxg5 24. Bxg5 Rh8 25. Bf6+ Bxf6 26. exf6+ Kxf6 27. Qe2 Rh6 28. Qe3 Rch8 29. Nf3 Rh5 30. Nd4 Nxd4 31. Qxd4+ Kg6 32. Re3 Qd8 33. Rae1 Qf6 34. Re5 Rxe5 35. Rxe5 Rh5 36. Re1 Qxd4 37. cxd4 Kf6 38. f4 Rh8 39. Re5 Rd8 40. Bf3 a6 41. g4 b5 42. axb5 axb5 43. f5 Bc8 44. Rxd5 Rxd5 45. Bxd5 Ba6 46. c3 b4 47. cxb4 c3 48. Be4 Kg5 49. Kf2 Kf4 50. Bc2 f6 51. g5 1-0

[Event "Lee Cup"]
[Site "Beijing CHN"]
[Date "1995.??.??"]
[Round "9"]
[White "Stangl, Markus"]
[Black "Ye Rongguang"]
[Result "1-0"]
[WhiteElo "2540"]
[BlackElo "2535"]
[PlyCount "99"]
[EventDate "1995.08.??"]
[Source "www.chesslib.no"]
[SourceDate "2004.05.04"]

1. e4 Nf6 2. e5 Nd5 3. g3 d6 4. exd6 cxd6 5. Bg2 Nb6 6. d4 g6 7. a4 a5 8. Nc3 Bg7 9. Nge2 O-O 10. b3 Nc6 11. Be3 Bf5 12. Qd2 Re8 13. O-O d5 14. h3 Qd7 15. g4 Be6 16. Nf4 f6 17. Nd3 f5 18. Nc5 Qc8 19. Nb5 Nd8 20. Bf4 fxg4 21. hxg4 Bxg4 22. Nc7 Nc6 23. Nxa8 Nxa8 24. c3 Nb6 25. Rae1 h5 26. Nd3 h4 27. Re3 Rf8 28. Rfe1 Kh7 29. f3 Bh5 30. Re6 Nd7 31. Nf2 Rf5 32. Nh3 Kg8 33. Bg5 Nf8 34. R6e3 e6 35. f4 Bf6 36. Qf2 Bxg5 37. Nxg5 Nd8 38. Bh3 Rf6 39. Qxh4 Kg7 40. f5 Qc7 41. fxe6 Qe7 42. Qg3 Nc6 43. Nf7 Nh7 44. Nd6 Ng5 45. Bg2 Rf8 46. Bxd5 Rd8 47. Bxc6 bxc6 48. Nf7 Rd5 49. Rf1 Nh7 50. c4 1-0

[Event "UKR-ch"]
[Site "Ordzhonikidze"]
[Date "2001.09.12"]
[Round "5"]
[White "Firman, Nazar"]
[Black "Neverov, Valeriy"]
[Result "0-1"]
[WhiteElo "2511"]
[BlackElo "2564"]
[PlyCount "124"]
[EventDate "2001.09.08"]
[Source "ChessBase"]
[SourceDate "2001.02.01"]

1. e4 Nf6 2. e5 Nd5 3. c4 Nb6 4. a4 d6 5. a5 N6d7 6. exd6 cxd6 7. d4 g6 8. Nf3 Bg7 9. Be2 O-O 10. O-O Nc6 11. d5 Nxa5 12. Bd2 b6 13. Bc3 Ne5 14. Nd4 Bd7 15. b3 g5 16. Nd2 Nb7 17. N2f3 h6 18. Nxe5 Bxe5 19. Nc6 Bxc6 20. dxc6 Na5 21. Bxe5 dxe5 22. Qxd8 Raxd8 23. Bf3 Rc8 24. Rfe1 Rc7 25. Re3 Rd8 26. g4 e6 27. c5 Rd4 28. Rxe5 Nxc6 29. cxb6 axb6 30. Rb5 Rf4 31. Rc1 Nd4 32. Rxc7 Nxb5 33. Rc8+ Kg7 34. Kg2 Rb4 35. Bd1 Nd4 36. Rc3 Kf6 37. Re3 Ke7 38. Kg3 Kd6 39. h4 gxh4+ 40. Kh3 f6 41. Rc3 f5 42. f3 fxg4+ 43. fxg4 Rb5 44. Kxh4 Re5 45. Bf3 Re1 46. Kh5 e5 47. Rd3 Kc5 48. Kxh6 e4 49. Bxe4 Rxe4 50. g5 Ne6 51. Kg6 Kb4 52. Kf5 Nxg5 53. Kxg5 b5 54. Kf5 Re1 55. Rd5 Re3 56. Kf4 Rxb3 57. Ke4 Rc3 58. Kd4 Rc8 59. Kd3 Ka4 60. Kd2 b4 61. Rd7 Ka3 62. Rb7 b3 0-1

[Event "EU-chT (Men)"]
[Site "Debrecen"]
[Date "1992.??.??"]
[Round "3"]
[White "Rozentalis, Eduardas"]
[Black "Horvath, Csaba"]
[Result "1-0"]
[WhiteElo "2585"]
[BlackElo "2485"]
[PlyCount "79"]
[EventDate "1992.11.??"]
[Source "ChessBase"]

1. e4 Nf6 2. e5 Nd5 3. g3 d6 4. exd6 cxd6 5. Bg2 Nf6 6. d4 g6 7. Ne2 Bg7 8. O-O d5 9. h3 O-O 10. Nd2 Nc6 11. c3 e5 12. dxe5 Nxe5 13. Nb3 a5 14. a4 Nc4 15. Nf4 Qb6 16. g4 Be6 17. g5 Ne4 18. Nxd5 Bxd5 19. Qxd5 Ned6 20. Nd4 Rac8 21. b3 Rc5 22. Qf3 Ne5 23. Qg3 Rfc8 24. Bd2 Nd7 25. Rad1 Nf8 26. h4 Re8 27. Rfe1 Rxe1+ 28. Rxe1 Nf5 29. Nxf5 Rxf5 30. c4 Qd4 31. Re2 Be5 32. Rxe5 Rxe5 33. Bc3 Qd1+ 34. Kh2 Rc5 35. Bd5 Rxd5 36. cxd5 Qxd5 37. Qf4 Nd7 38. Qc7 Qc5 39. Qd8+ Nf8 40. Qf6 1-0

[Event "Bled op"]
[Site "Bled"]
[Date "1999.03.24"]
[Round "5"]
[White "Sveshnikov, Evgeny"]
[Black "Miroshnichenko, Evgenij"]
[Result "1/2-1/2"]
[WhiteElo "2563"]
[BlackElo "2500"]
[PlyCount "52"]
[EventDate "1999.03.20"]
[Source "ChessBase"]
[SourceDate "1999.05.10"]

1. e4 Nf6 2. e5 Nd5 3. c4 Nb6 4. c5 Nd5 5. Nc3 e6 6. d4 b6 7. Nxd5 exd5 8. Be3 Ba6 9. Bxa6 Nxa6 10. Qa4 Qc8 11. b4 c6 12. Ne2 Nc7 13. Qd1 Be7 14. O-O O-O 15. f4 f5 16. g4 g6 17. Ng3 Qe8 18. a4 Ne6 19. gxf5 gxf5 20. a5 b5 21. Ra2 Kh8 22. Rg2 Qf7 23. Qd3 Bh4 24. Ne2 Rg8 25. Bf2 Rxg2+ 26. Kxg2 Rg8+ 1/2-1/2

[Event "Neu Isenburg Open"]
[Site "Neu Isenburg"]
[Date "1992.04.26"]
[Round "11"]
[White "Sveshnikov, Evgeny E"]
[Black "Bagirov, Vladimir K"]
[Result "0-1"]
[WhiteElo "2560"]
[BlackElo "2500"]
[PlyCount "84"]
[EventDate "1992.04.24"]
[Source "www.chesslib.no"]
[SourceDate "2004.05.04"]

1. e4 Nf6 2. e5 Nd5 3. c4 Nb6 4. c5 Nd5 5. Nc3 e6 6. d4 Nxc3 7. bxc3 d6 8. cxd6 cxd6 9. Nf3 Nc6 10. Bf4 Qa5 11. Qd2 dxe5 12. Nxe5 Be7 13. Bd3 Nxe5 14. Bxe5 O-O 15. O-O Bd7 16. Qc2 g6 17. Rab1 Bc6 18. c4 Qd8 19. Be4 Qd7 20. Bxc6 bxc6 21. Rfd1 f6 22. Bf4 Bd6 23. Qe4 Bxf4 24. Qxf4 Rad8 25. h4 Rf7 26. Qf3 Kg7 27. Rb3 h5 28. Qe4 Qd6 29. Rg3 f5 30. Qe2 Rf6 31. Rgd3 Rd7 32. Qb2 Kh7 33. Re1 Rff7 34. Qd2 Qe7 35. Qf4 Qb4 36. Qc1 c5 37. Rb3 Qa5 38. dxc5 Qxc5 39. Rg3 e5 40. Rb3 Rd4 41. g3 Rxc4 42. Qa3 e4 0-1

[Event "Alushta"]
[Site "?"]
[Date "1999.??.??"]
[Round "?"]
[White "Baklan, V."]
[Black "Miroshnichenko, E."]
[Result "1-0"]
[WhiteElo "2550"]
[BlackElo "2500"]
[PlyCount "71"]
[EventDate "1999.??.??"]
[Source "Chess Informant"]
[SourceDate "2000.06.01"]

1. e4 Nf6 2. e5 Nd5 3. Nc3 Nxc3 4. bxc3 d5 5. d4 c5 6. Nf3 Nc6 7. Be2 Bg4 8. Rb1 Rb8 9. e6 Bxe6 10. Bf4 Rc8 11. Rxb7 c4 12. Ng5 Bd7 13. Bg4 e6 14. Qf3 Qf6 15. Rxd7 Kxd7 16. Nxf7 h5 17. Bh3 Qxf7 18. Qxd5+ Ke7 19. Bg5+ Ke8 20. Bxe6 Qc7 21. Bxc8 Qxc8 22. O-O Be7 23. Re1 Qd7 24. Qb5 a6 25. Qxc4 Kd8 26. d5 Bxg5 27. dxc6 Qd2 28. c7+ Kc8 29. Rb1 Kd7 30. Qa4+ Kxc7 31. Qxa6 Kd7 32. Rb7+ Ke8 33. Qe6+ Kd8 34. Rb8+ Kc7 35. Qb6+ Kd7 36. Qb5+ 1-0

[Event "GMA"]
[Site "Murcia GMA"]
[Date "1990.??.??"]
[Round "?"]
[White "Vasiukov, Evgeni A"]
[Black "Fernandez Garcia, Jose L"]
[Result "1/2-1/2"]
[WhiteElo "2545"]
[BlackElo "2500"]
[PlyCount "68"]
[EventDate "1990.??.??"]
[Source "www.chesslib.no"]
[SourceDate "2004.05.04"]

1. e4 Nf6 2. e5 Nd5 3. c4 Nb6 4. c5 Nd5 5. Nc3 c6 6. d4 d6 7. cxd6 exd6 8. Nf3 dxe5 9. dxe5 Bb4 10. Bd2 O-O 11. Be2 Bg4 12. O-O Bxc3 13. bxc3 Nd7 14. Nd4 Bxe2 15. Qxe2 Qc7 16. f4 Rae8 17. Qg4 g6 18. Rae1 f5 19. exf6 N7xf6 20. Qf3 Qb6 21. f5 Rxe1 22. Rxe1 Re8 23. Rxe8+ Nxe8 24. fxg6 Qb1+ 25. Kf2 hxg6 26. Qg4 Nef6 27. Qc8+ Kh7 28. Qh3+ Kg8 29. c4 Qxa2 30. Qc8+ Kf7 31. Qxb7+ Ne7 32. Nf3 Ne4+ 33. Ke3 Nxd2 34. Nxd2 Qa3+ 1/2-1/2

[Event "II open"]
[Site "Solsones"]
[Date "2004.08.18"]
[Round "7"]
[White "Baklan, Vladimir"]
[Black "Almeida, Omar"]
[Result "1/2-1/2"]
[WhiteElo "2595"]
[BlackElo "2447"]
[PlyCount "113"]
[EventDate "2004.08.13"]
[Source "Roberto Alvarez"]
[SourceDate "2004.08.30"]

1. e4 Nf6 2. e5 Nd5 3. Nc3 Nxc3 4. bxc3 d5 5. d4 c5 6. Nf3 Nc6 7. Be2 Bg4 8. Rb1 Qd7 9. c4 dxc4 10. d5 Bxf3 11. Bxf3 Nxe5 12. Be2 O-O-O 13. f4 Ng6 14. O-O e6 15. dxe6 Qxd1 16. Bxd1 fxe6 17. Bg4 Re8 18. Re1 Bd6 19. g3 Kc7 20. Rxe6 Rxe6 21. Bxe6 c3 22. Kf2 Re8 23. Bd5 b6 24. Rb3 Ne7 25. Bc4 Nf5 26. Rxc3 Nd4 27. a4 Re7 28. Bd3 g6 29. Rc4 Kc6 30. Be3 Kd5 31. Rc3 Nf5 32. Bc4+ Kc6 33. Bb5+ Kc7 34. Kf3 Nxe3 35. Rxe3 Rxe3+ 36. Kxe3 Be7 37. h4 Kd6 38. Bc4 Bf6 39. Ke4 Ke7 40. Kd5 Bc3 41. g4 Be1 42. h5 Bd2 43. Ke4 g5 44. f5 h6 45. Kd5 Be1 46. Kc6 Bd2 47. Kb7 Kf6 48. Kxa7 Ba5 49. Kb7 Ke7 50. Kc6 Kf6 51. Kd7 Bc3 52. Ke8 Kg7 53. Ke7 Be5 54. Ke6 Bc3 55. Bb3 Bf6 56. Kd5 Bc3 57. Ke6 1/2-1/2

[Event "Chigorin mem"]
[Site "St Petersburg"]
[Date "1999.11.10"]
[Round "9"]
[White "Vaulin, Alexander"]
[Black "Neverov, Valeriy"]
[Result "1-0"]
[WhiteElo "2492"]
[BlackElo "2549"]
[PlyCount "109"]
[EventDate "1999.11.02"]
[Source "ChessBase"]
[SourceDate "2000.02.01"]

1. e4 Nf6 2. e5 Nd5 3. Bc4 Nb6 4. Bb3 d5 5. d4 Bf5 6. g4 Bg6 7. Ne2 Be4 8. Rg1 e6 9. Ng3 Bg6 10. Be3 f6 11. exf6 Qxf6 12. Nc3 Nc6 13. Qd2 Bb4 14. a3 Bxc3 15. Qxc3 Qf3 16. Ne2 Rf8 17. Qd2 e5 18. O-O-O O-O-O 19. Rg3 Qf7 20. dxe5 Nxe5 21. f4 Nec4 22. Qd4 h5 23. f5 Bh7 24. h3 hxg4 25. hxg4 g6 26. Nf4 gxf5 27. g5 Bg6 28. Bf2 Rd6 29. Rh1 Na5 30. Ba2 Nc6 31. Qd1 Rg8 32. Bc5 Rdd8 33. Bxb6 axb6 34. Bxd5 Qg7 35. Qf1 Rge8 36. Nxg6 Rxd5 37. Nf4 Rd4 38. Nd3 f4 39. Nxf4 Qe5 40. Qh3+ Kb8 41. Nd3 Qe2 42. Qh5 Qxh5 43. Rxh5 Ne5 44. g6 Nxd3+ 45. cxd3 Rdd8 46. g7 Kc8 47. Rf5 Rg8 48. Kd2 Rd7 49. Rf8+ Rd8 50. Rxg8 Rxg8 51. Ke3 Kd7 52. Ke4 Ke6 53. Rg6+ Kf7 54. Kf5 b5 55. Rf6+ 1-0

[Event "Deutschland"]
[Site "?"]
[Date "1994.??.??"]
[Round "?"]
[White "Rozentalis, E."]
[Black "Appel, R."]
[Result "1-0"]
[WhiteElo "2605"]
[BlackElo "2430"]
[PlyCount "85"]
[EventDate "1994.??.??"]
[Source "ChessBase"]
[SourceDate "1994.06.01"]

1. e4 Nf6 2. e5 Nd5 3. g3 d6 4. exd6 exd6 5. Bg2 Nf6 6. d4 d5 7. Nf3 Be7 8. O-O O-O 9. Ne5 Nbd7 10. Nc3 c6 11. f4 Nxe5 12. fxe5 Ne8 13. Qh5 f5 14. Ne2 Nc7 15. c3 Ne6 16. h4 Rf7 17. Nf4 Nxf4 18. Bxf4 Be6 19. Rf2 Qa5 20. a3 c5 21. Be3 c4 22. Raf1 Raf8 23. Bg5 Qd8 24. Bxe7 Qxe7 25. a4 Qd7 26. Qd1 Rc8 27. a5 Rff8 28. Qa1 Qe7 29. Qa3 Qxa3 30. bxa3 Rfd8 31. Rb2 Rc7 32. Rb5 Rdd7 33. Kf2 g6 34. Ke3 Kg7 35. Rfb1 Kf7 36. Rc5 Ke7 37. Rbb5 Rxc5 38. dxc5 Kd8 39. a6 Kc8 40. Rb6 Bg8 41. Rf6 Rd8 42. Kd4 bxa6 43. Rd6 1-0

[Event "Ch (Men) Riga LAT"]
[Site "?"]
[Date "2006.03.08"]
[Round "11"]
[White "Sveshnikov Evgeny"]
[Black "Kengis Edvins"]
[Result "1/2-1/2"]
[WhiteElo "2503"]
[BlackElo "2531"]
[PlyCount "31"]
[EventDate "2006.??.??"]
[Source "www.chesslib.no"]
[SourceDate "2004.05.04"]

1. e4 Nf6 2. e5 Nd5 3. c4 Nb6 4. c5 Nd5 5. Nc3 c6 6. Bc4 d6 7. cxd6 exd6 8. Nf3 dxe5 9. Nxe5 Bd6 10. d4 O-O 11. O-O Be6 12. Qb3 Bxe5 13. dxe5 Nxc3 14. bxc3 Bxc4 15. Qxc4 Nd7 16. e6 1/2-1/2

[Event "ch-NOR"]
[Site "Molde"]
[Date "2004.07.08"]
[Round "7"]
[White "Lie, Kjetil A"]
[Black "Agdestein, Simen"]
[Result "0-1"]
[WhiteElo "2430"]
[BlackElo "2595"]
[PlyCount "94"]
[EventDate "2004.07.03"]
[Source "Roberto Alvarez"]
[SourceDate "2004.07.12"]

1. e4 Nf6 2. e5 Nd5 3. c4 Nb6 4. d4 d6 5. exd6 cxd6 6. Nc3 g6 7. Bg5 Bg7 8. Qd2 Nc6 9. d5 Nd4 10. Bd3 Bf5 11. Rc1 O-O 12. Nge2 Bxd3 13. Qxd3 Nxe2 14. Qxe2 Qc8 15. b3 Bxc3+ 16. Rxc3 Nxd5 17. Rg3 Nf6 18. O-O Re8 19. Re1 Nh5 20. Re3 e5 21. Rd1 Ng7 22. Red3 Nf5 23. Qe4 Qc6 24. Qg4 h5 25. Qh3 Kg7 26. Rd5 Qc8 27. Bc1 Qe6 28. Ba3 Rac8 29. Qd3 e4 30. Qc3+ f6 31. R1d2 Rc6 32. Bb2 Rc5 33. Re2 Rxd5 34. cxd5 Qf7 35. Qc4 e3 36. f3 Kh7 37. Qd3 h4 38. Qc4 a6 39. a4 Re7 40. g4 hxg3 41. hxg3 Nxg3 42. Qh4+ Nh5 43. Qd4 Re5 44. f4 Rf5 45. Qxe3 Nxf4 46. Rh2+ Kg8 47. Qa7 Qe8 0-1

[Event "Podolsk"]
[Site "Podolsk"]
[Date "1992.??.??"]
[Round "?"]
[White "Sveshnikov, Evgeny"]
[Black "Bagirov, Vladimir"]
[Result "1/2-1/2"]
[WhiteElo "2525"]
[BlackElo "2500"]
[PlyCount "51"]
[EventDate "1992.12.??"]
[Source "ChessBase"]

1. e4 Nf6 2. e5 Nd5 3. c4 Nb6 4. c5 Nd5 5. Nc3 e6 6. d4 Nxc3 7. bxc3 d6 8. cxd6 cxd6 9. f4 Nc6 10. Nf3 d5 11. Bd3 Na5 12. O-O Be7 13. Ng5 g6 14. Ba3 Bd7 15. Qc1 Rc8 16. Rf3 Nc4 17. Bxc4 Rxc4 18. Rh3 h6 19. Nf3 Bxa3 20. Qxa3 Ra4 21. Qb2 b6 22. Ne1 Qe7 23. Nc2 Kd8 24. Qc1 Kc7 25. Ne3 Rb8 26. Nc2 1/2-1/2

[Event "NOR-ch"]
[Site "NOR"]
[Date "1996.??.??"]
[Round "6"]
[White "Djurhuus, Rune"]
[Black "Gausel, Einar"]
[Result "0-1"]
[WhiteElo "2505"]
[BlackElo "2520"]
[PlyCount "102"]
[EventDate "1996.??.??"]
[Source "www.chesslib.no"]
[SourceDate "2004.05.04"]

1. e4 Nf6 2. e5 Nd5 3. c4 Nb6 4. c5 Nd5 5. Nc3 Nxc3 6. dxc3 Nc6 7. Nf3 e6 8. Be3 Be7 9. Bd3 b6 10. cxb6 axb6 11. Qe2 Bb7 12. Bf4 Ra4 13. Bg3 Qa8 14. a3 Nb8 15. Rd1 h5 16. h4 Rg4 17. Rd2 Ba6 18. Qd1 Rh6 19. Bxa6 Qxa6 20. Rd4 Rhg6 21. Rxg4 Rxg4 22. Qe2 Qxe2+ 23. Kxe2 c5 24. b3 Nc6 25. Nh2 Rg6 26. a4 Kd8 27. Rb1 f6 28. exf6 gxf6 29. Nf1 d5 30. Ne3 Kc8 31. Nc2 Kb7 32. b4 cxb4 33. cxb4 Rg4 34. b5 Na5 35. Kd3 Rxa4 36. f4 Kc8 37. Re1 Kd7 38. Bf2 Nc4 39. Bd4 Ra8 40. g3 Rg8 41. Bf2 e5 42. Ra1 Bc5 43. Ra7+ Ke6 44. Be1 e4+ 45. Kc3 Nd6 46. Rh7 Nxb5+ 47. Kb3 d4 48. Rxh5 d3 49. Nb4 Nd4+ 50. Kc4 Bxb4 51. Bxb4 Nf5 0-1

[Event "Ljubljana op"]
[Site "Ljubljana"]
[Date "1998.??.??"]
[Round "8"]
[White "Sveshnikov, Evgeny"]
[Black "Mazi, Leon"]
[Result "1-0"]
[WhiteElo "2595"]
[BlackElo "2420"]
[PlyCount "73"]
[EventDate "1998.06.??"]
[Source "www.chesslib.no"]
[SourceDate "2004.05.04"]

1. e4 Nf6 2. e5 Nd5 3. c4 Nb6 4. c5 Nd5 5. Nc3 Nxc3 6. dxc3 d6 7. cxd6 exd6 8. Bf4 dxe5 9. Qxd8+ Kxd8 10. O-O-O+ Bd7 11. Bxe5 Nc6 12. Nf3 Kc8 13. Bc4 f6 14. Bg3 a5 15. Rhe1 Bc5 16. Nd2 a4 17. Bd5 Ra7 18. Ne4 Bb6 19. Nd2 Bc5 20. Nc4 b5 21. Nd2 b4 22. Ne4 Be7 23. c4 a3 24. b3 f5 25. Nd2 Bf6 26. Nf3 Bc3 27. Be6 Bxe6 28. Rxe6 Na5 29. Kc2 Rd8 30. Rd5 c6 31. Rxf5 Rad7 32. Rxa5 Rd2+ 33. Nxd2 Rxd2+ 34. Kc1 Rxa2 35. Re7 Ra1+ 36. Kc2 Kd8 37. Rb7 1-0